Statistics for Top 50 Largest U.S. Cities by Letter - A

Click here to take the quiz!

General Stats

  • This quiz has been taken 66 times
  • The average score is 22 of 50

Answer Stats

# Population State City % Correct
1932 kTXAustin
95%
2559 kNMAlbuquerque
93%
3464 kGAAtlanta
91%
5359 kCOAurora
86%
10198 kOHAkron
81%
4388 kTXArlington
81%
1999 kNYAlbany
81%
16117 kMIAnn Arbor
77%
11197 kGAAugusta
77%
6351 kCAAnaheim
74%
7299 kAKAnchorage
74%
9199 kTXAmarillo
70%
4639 kMDAnnapolis
70%
2098 kTXAllen
67%
13123 kGAAthens
67%
15120 kPAAllentown
65%
12154 kVAAlexandria
58%
2189 kNCAsheville
51%
2874 kWIAppleton
47%
14122 kTXAbilene
37%
17115 kCOArvada
33%
3065 kIAAmes
33%
4739 kNJAtlantic City
30%
2479 kCAAlameda
28%
18111 kCAAntioch
28%
4345 kPAAltoona
26%
3555 kINAnderson
26%
2972 kCAApple Valley
23%
2577 kWAAuburn
23%
2381 kAZAvondale
21%
2676 kILArlington Heights
19%
2285 kCAAlhambra
16%
3164 kGAAlpharetta
12%
3950 kCAAzusa
12%
4444 kMAAttleboro
9%
4048 kFLApopka
9%
3457 kIAAnkeny
9%
4246 kNCApex
7%
3850 kCAAliso Viejo
7%
3358 kCAArcadia
7%
4838 kAZApache Junction
7%
4543 kFLAltamonte Springs
5%
4938 kFLAventura
2%
5037 kILAddison
2%

Score Distribution

Percentile by Number Answered

Percent of People with Each Score

Your Score History

You have not taken this quiz